Wacky elements! - Statistics

General Stats
  • This quiz has been taken 16 times
  • The average score is 13 of 15
Answer Stats
Hint Answer % Correct
C Carbon
100%
F Fluorine
100%
Au Gold
100%
Li Lithium
100%
Kr Krypton
91%
Na Sodium
91%
Silver Ag
82%
B Boron
82%
Cu Copper
82%
Rb Rubidium
82%
W Tungsten
82%
Ca Calcium
73%
Ni Nickel
73%
Sc Scandium
73%
Rn Radon
64%
No matching quizzes found
Score Distribution
Percent of People with Each Score
Percentile by Number Answered
Your Score History
You have not taken this quiz